Aquaculture development. (Record no. 14996)

000 -LEADER
fixed length control field 00622cam a2200205Ia 4500
020 ## - INTERNATIONAL STANDARD BOOK NUMBER
ISBN 9789251067154
020 ## - INTERNATIONAL STANDARD BOOK NUMBER
ISBN 9251067155
040 ## - CATALOGING SOURCE
Transcribing agency EQF
082 ## - DEWEY DECIMAL CLASSIFICATION NUMBER
Classification number 338 FOO 2011 A068 Co.
245 00 - TITLE STATEMENT
Title Aquaculture development.
246 31 - VARYING FORM OF TITLE
Title proper/short title Use of wild fish as feed in aquaculture
260 ## - PUBLICATION, DISTRIBUTION, ETC. (IMPRINT)
Place of publication Rome :
Name of publisher Food and Agriculture Organization of the United Nations,
Year of publication 2011.
300 ## - PHYSICAL DESCRIPTION
Number of Pages xii, 79 p. ;
Dimensions 21 cm.
490 1# - SERIES STATEMENT
Series statement FAO technical guidelines for responsible fisheries ;
650 #0 - SUBJECT ADDED ENTRY--TOPICAL TERM
Topical Term Fishes
650 #0 - SUBJECT ADDED ENTRY--TOPICAL TERM
Topical Term Fishes
650 #0 - SUBJECT ADDED ENTRY--TOPICAL TERM
Topical Term Fishes
710 2# - ADDED ENTRY--CORPORATE NAME
Corporate name or jurisdiction name as entry element Food and Agriculture Organization of the United Nations.
942 ## - ADDED ENTRY ELEMENTS (KOHA)
Koha item type សៀវភៅភាសាអង់គ្លេស
952 ## - LOCATION AND ITEM INFORMATION (KOHA)
Withdrawn status [LOCAL, KOHA] 0
Holdings
Permanent Location Date acquired Koha item type Lost status Shelving location Barcode Current Location Full call number
Library Block A2017-11-01សៀវភៅភាសាអង់គ្លេស A068RUA060065Library Block A338 FOO 2011 A068 Co.
មជ្ឈមណ្ឌលឯការនៃសាកលវិទ្យាល័យភូមិន្ទកសិកម្មចំការដូង

Powered by Koha